| 000 | 00820nmm a2200301 a 4500 | ||
|---|---|---|---|
| 003 | AR-BaBNM | ||
| 005 | 20251128202957.0 | ||
| 008 | 018019s1990 ||||||||||||||000 | spa|| | ||
| 020 | _a950-99496-2-0 | ||
| 040 | _cAR-BaBNM | ||
| 100 | 1 | _aMenem, Carlos Saúl | |
| 245 | 1 | 0 | _aReforma del estado y transformación nacional |
| 260 |
_aBuenos Aires _bCiencias de la Administración _c1990 |
||
| 300 | 0 |
_a255 p. _btablas |
|
| 650 | 4 | _aREFORMA DEL ESTADO | |
| 650 | 4 | _aREFORMA ADMINISTRATIVA | |
| 650 | 4 | _aREFORMA POLITICA | |
| 650 | 4 | _aDESARROLLO | |
| 650 | 4 | _aMODERNIZACION | |
| 650 | 4 | _aREFORMA | |
| 650 | 4 | _aSEGURIDAD DEL ESTADO | |
| 650 | 4 | _aADMINISTRACION PUBLICA | |
| 650 | 4 | _aRESPONSABILIDAD DEL ESTADO | |
| 651 | 4 | _aArgentina | |
| 700 | 1 | _aDromi, José Roberto | |
| 942 | _cBK | ||
| 998 | _cMariana | ||
| 999 |
_c1341 _d1341 |
||